EL MOVIMIENTO SINDICAL EN GUATEMALA 1986-1988: PARTE II

Guardat en:
Dades bibliogràfiques
Format: Llibre
Col·lecció:FORMACION Y CAPACITACION 3
Etiquetes: Afegir etiqueta
Sense etiquetes, Sigues el primer a etiquetar aquest registre!

MARC

LEADER 00000nam^a2200000^a^4500
001 000214821
005 20250521000000.0
009 20260310103609.623
035 |a 037759 
037 |a Acervo Xavier Clavigero 
082 |a 326. 7  |b CIT 
245 1 3 |a EL MOVIMIENTO SINDICAL EN GUATEMALA 1986-1988:  |b PARTE II 
264 |a MEXICO :  |b Ciencia y Tecnología para Guatemala,  |c 1990 
300 |a 114p. 
336 |a texto  |b txt  |2 rdacontenido 
337 |a sin mediación  |b n  |2 rdamedio 
338 |a volumen  |b nc  |2 rdasoporte 
440 |a FORMACION Y CAPACITACION 3 
649 |a XX 
910 |a Fondo General 
920 |a Impresos - Libros 
930 |a Colección General 
905 |a 101 
901 |a 037759  |b IT1  |c ACC  |i 037759  |u 20250521 
902 |a https://opac.biblio.iteso.mx/vufind/Record/000214821